| 000 | 00918cam a2200265 a 4500 | ||
|---|---|---|---|
| 999 |
_c92 _d92 |
||
| 001 | 16204914 | ||
| 003 | OSt | ||
| 005 | 20210602115655.0 | ||
| 008 | 100427s2011 nyuab b 001 0 eng | ||
| 010 | _a 2010017971 | ||
| 020 | _a9780078116957 (alk. paper) | ||
| 040 |
_aDLC _cDLC _dDLC |
||
| 050 | 0 | 0 |
_aGN25 _b.P293 2011 |
| 082 | 0 | 0 |
_a306 _222 |
| 100 | 1 | _aPark, Michael Alan. | |
| 245 | 1 | 0 |
_aIntroducing anthropology : _ban integrated approach / _cMichael Alan Park. |
| 250 | _a5th ed. | ||
| 260 |
_aNew York : _bMcGraw-Hill, _c2011. |
||
| 300 |
_axxvi, 391 p., (various pages) : _bcol. ill., maps ; _c24 cm. |
||
| 504 | _aIncludes bibliographical references (p. B1- B6) and index. | ||
| 650 | 0 | _aAnthropology. | |
| 906 |
_a7 _bcbc _corignew _d1 _eecip _f20 _gy-gencatlg |
||
| 942 |
_2lcc _cBK _nJO |
||